| 000 | 01380nam a22003615a 4500 | ||
|---|---|---|---|
| 001 | 195814 | ||
| 003 | ES-MaACL | ||
| 005 | 20250309063127.0 | ||
| 008 | 250307s2004 mx 000 0 spa d | ||
| 020 | _a9681672720 | ||
| 035 | _aRebiun02604532 | ||
| 040 |
_aSpMaUCFL _bspa _cES-MaACL |
||
| 080 | _a821.134.2(7/8)-4"19"(08) | ||
| 245 | 0 | 3 |
_aEl ensayo hispanoamericano del siglo XX / _cJohn Skirius (compilador) ; [traducción del prólogo David Huerta] |
| 250 | _aQuinta edición corregida y aumentada, 2004 | ||
| 260 |
_aMéxico : _bFondo de Cultura Económica, _c2004 |
||
| 300 |
_a888 p. ; _c23 cm |
||
| 336 |
_2rdacontent _atexto |
||
| 337 |
_2rdamedia _asin mediación |
||
| 338 |
_2rdacarrier _avolumen |
||
| 490 | 1 |
_aTierra firme _9178734 |
|
| 650 | 0 | 0 |
_aEnsayos hispanoamericanos _9208461 |
| 650 | 0 | 0 |
_aLiteratura hispanoamericana- _yS.XX _9183405 |
| 650 | 0 | 0 |
_aLiteratura hispanoamericana- _xEnsayos _9237547 |
| 700 |
_aSkirius, John _9237548 |
||
| 830 |
_9178734 _aTierra firme |
||
| 852 |
_aES-MaACL _bR.153597 _cDEPOJ _jN-8827 _hDonación: Milagros Baras _xEncuadernación: Rústica _9204681 |
||
| 903 |
_9239741 _aBaras, Milagros _ednr |
||
| 942 |
_2udc _cMONOGRAFIA _n0 |
||
| 954 | _iTatiana Alejandra de Castro Pérez | ||
| 999 |
_c195814 _d195814 |
||